[Event "Zhukovsky op"]
[Site "Zhukovsky"]
[Date "2014.??.??"]
[Round "4"]
[White "Lavrentjeva, Galina"]
[Black "Listratov, Artem"]
[Result "0-1"]
[WhiteElo "2029"]
[BlackElo "2193"]
[PlyCount "64"]
[EventDate "2014.08.08"]
[EventType "swiss"]
[EventRounds "9"]
[EventCountry "RUS"]
[SourceTitle "CBM 162 Extra"]
[Source "ChessBase"]
[SourceDate "2014.10.17"]
[SourceVersion "1"]
[SourceVersionDate "2014.10.17"]
[SourceQuality "1"]

1. e4 d5 2. exd5 Qxd5 3. Nc3 Qd6 4. d4 Nf6 5. Nf3 a6 6. Be2 e6 7. Ne5 Be7 8. Bf4 Qd8 9. 0-0 0-0 10. Be3 Nd5 11. Nxd5 exd5 12. Bd3 Nd7 13. f4 Nf6 14. f5 Bd6 15. Bg5 c5 16. c3 cxd4 17. cxd4 Qb6 18. Bxf6 Qxd4+ 19. Kh1 gxf6 20. Ng4 Kh8 21. Qf3 Bd7 22. Rad1 Bc6 23. b3 Rg8 24. Nh6 Rg7 25. Qh5 Rf8 26. Bc4 Qe5 27. Be2 Rg5 28. Qh3 Qxe2 29. Rde1 Qxa2 30. Ng4 Rxg4 31. Qxg4 Rg8 32. Qh4 Qxg2# 0-1

[Event "Zhukovsky op"]
[Site "Zhukovsky"]
[Date "2014.??.??"]
[Round "5"]
[White "Listratov, Artem"]
[Black "Tarabtsev, Ivan"]
[Result "1-0"]
[WhiteElo "2193"]
[BlackElo "2051"]
[PlyCount "173"]
[EventDate "2014.08.08"]
[EventType "swiss"]
[EventRounds "9"]
[EventCountry "RUS"]
[SourceTitle "CBM 162 Extra"]
[Source "ChessBase"]
[SourceDate "2014.10.17"]
[SourceVersion "1"]
[SourceVersionDate "2014.10.17"]
[SourceQuality "1"]

1. f4 d5 2. Nf3 c5 3. b3 Nc6 4. e3 Bg4 5. Bb2 d4 6. h3 Bxf3 7. Qxf3 e6 8. Na3 Nf6 9. Bb5 Rc8 10. Nc4 Be7 11. Ne5 dxe3 12. Bxc6+ bxc6 13. dxe3 Qd5 14. Rd1 Qxf3 15. gxf3 Nd5 16. Ke2 f6 17. Nc4 Kf7 18. a3 Rhd8 19. Na5 h5 20. Rd3 Nb6 21. Rhd1 Rd5 22. e4 Rxd3 23. cxd3 Bd6 24. Bc1 f5 25. Nb7 Be7 26. Be3 Nd7 27. Na5 Rb8 28. Rb1 Rc8 29. Kd2 Bd8 30. Nc4 Bc7 31. Kc2 g6 32. Rg1 Rb8 33. Nb2 Bd6 34. Nc4 Bc7 35. Ra1 Rb7 36. Bd2 Rb5 37. Re1 Rb8 38. Nb2 Bd6 39. Bc1 Rb7 40. Na4 Rb8 41. Be3 Rb5 42. Rc1 Rb8 43. Kc3 Rb7 44. Nb2 Rb8 45. Nc4 Bc7 46. Ra1 Rb7 47. Ra2 Ke7 48. b4 cxb4+ 49. axb4 Bb6 50. d4 Rb8 51. Bf2 Ke8 52. Bh4 Kf8 53. Bg5 Ke8 54. Bh6 fxe4 55. fxe4 Nf6 56. Re2 Rd8 57. Nxb6 axb6 58. Bg5 Kf7 59. Bxf6 Kxf6 60. Ra2 g5 61. fxg5+ Kxg5 62. Ra7 Rc8 63. Re7 Kf6 64. Rb7 b5 65. e5+ Kg6 66. Re7 Kf5 67. Kd3 Ra8 68. Rf7+ Kg5 69. Ke4 Ra4 70. Rc7 Rxb4 71. Rxc6 Rb3 72. Rxe6 Rxh3 73. Rb6 Rb3 74. e6 Kf6 75. Kd5 h4 76. Rb8 h3 77. Rf8+ Kg7 78. Rf7+ Kg8 79. Rf2 Re3 80. Kd6 b4 81. e7 b3 82. Rf8+ Kg7 83. e8Q Rxe8 84. Rxe8 Kg6 85. Re2 Kg5 86. Kc5 Kf4 87. Kc4 1-0

[Event "Zhukovsky Winter op"]
[Site "Zhukovsky"]
[Date "2014.??.??"]
[Round "7"]
[White "Rusakov, Grigorij"]
[Black "Listratov, Artem"]
[Result "1-0"]
[WhiteElo "2174"]
[BlackElo "2193"]
[PlyCount "127"]
[EventDate "2014.11.22"]
[EventType "swiss"]
[EventRounds "9"]
[EventCountry "RUS"]
[SourceTitle "EXT 2016"]
[Source "ChessBase"]
[SourceDate "2015.10.08"]
[SourceVersion "1"]
[SourceVersionDate "2015.10.08"]
[SourceQuality "1"]

1. Nf3 d5 2. g3 Nf6 3. Bg2 c6 4. 0-0 Bf5 5. c4 e6 6. cxd5 cxd5 7. d3 Nc6 8. Bg5 Be7 9. Nc3 0-0 10. Rc1 h6 11. Bf4 Rc8 12. Qb3 Na5 13. Qa4 Nc6 14. Nb5 Qd7 15. Nbd4 Nxd4 16. Qxd4 b6 17. Ne5 Qb7 18. b4 b5 19. a3 Bh7 20. h3 Rfd8 21. Be3 a6 22. Qb2 Nd7 23. Ng4 f6 24. f4 Rxc1 25. Rxc1 Rc8 26. Bd4 Bg6 27. Ne3 Bf7 28. Rxc8+ Qxc8 29. f5 Bd6 30. fxe6 Bxe6 31. Nxd5 Kh8 32. Nf4 Bf7 33. Qc3 Qd8 34. Qc6 Nb8 35. Qe4 a5 36. Bc5 Bc7 37. Qe7 Qxe7 38. Bxe7 Bb6+ 39. Kf1 axb4 40. axb4 Bd4 41. Bd6 Be5 42. Be7 Bc3 43. Nd5 Bxd5 44. Bxd5 Na6 45. Bc6 Nxb4 46. Bxb5 Kh7 47. Kf2 Kg6 48. e3 Kf5 49. Bf8 Kg6 50. Be8+ Kh7 51. d4 Nd5 52. Bf7 Bb4 53. Bxb4 Nxb4 54. Kf3 g6 55. Ke4 Kg7 56. Be8 f5+ 57. Ke5 Nc2 58. d5 Nxe3 59. d6 Nc4+ 60. Ke6 Nxd6 61. Kxd6 Kf6 62. Bd7 f4 63. gxf4 h5 64. h4 1-0

[Event "Zhukovsky Winter op"]
[Site "Zhukovsky"]
[Date "2014.??.??"]
[Round "9"]
[White "Shelyagin, Aleksandr"]
[Black "Listratov, Artem"]
[Result "1-0"]
[WhiteElo "1895"]
[BlackElo "2193"]
[PlyCount "229"]
[EventDate "2014.11.22"]
[EventType "swiss"]
[EventRounds "9"]
[EventCountry "RUS"]
[SourceTitle "EXT 2016"]
[Source "ChessBase"]
[SourceDate "2015.10.08"]
[SourceVersion "1"]
[SourceVersionDate "2015.10.08"]
[SourceQuality "1"]

1. Nf3 d5 2. b3 f6 3. d4 Bg4 4. Nbd2 e6 5. Bb2 Bd6 6. e4 Bf4 7. exd5 exd5 8. Be2 Ne7 9. 0-0 0-0 10. c4 Re8 11. Re1 Nd7 12. Qc2 Nf8 13. Bd3 c6 14. Ba3 Neg6 15. Rxe8 Qxe8 16. Re1 Qd7 17. h3 Be6 18. Nf1 Re8 19. Ng3 Bb8 20. Nf5 Nf4 21. Ng3 Nxd3 22. Qxd3 Ng6 23. Bc1 Kf7 24. h4 Bxg3 25. fxg3 Bf5 26. Qf1 Rxe1 27. Qxe1 Be4 28. Qf2 Kg8 29. Ba3 Qg4 30. Bd6 h5 31. Kh2 Kh7 32. Qe3 Qe6 33. c5 Nh8 34. b4 Nf7 35. Bb8 Nh6 36. Kg1 Nf5 37. Qe2 a6 38. Bf4 Qe8 39. Kf2 Qg6 40. Qd2 Qg4 41. Nh2 Qg6 42. Nf3 Ne7 43. a4 Qf5 44. Bd6 Ng6 45. Qe3 Bc2 46. a5 Be4 47. Qd2 Nh8 48. Bf4 Nf7 49. Qe2 Nd8 50. Kg1 Ne6 51. Be3 Qg4 52. Kf2 Qg6 53. Nh2 Bd3 54. Qf3 Bf5 55. Qe2 Kg8 56. Nf3 Bg4 57. Qd2 Qb1 58. Nh2 Bf5 59. Nf3 Be4 60. Nh2 Kf7 61. g4 Qh1 62. Kg3 g5 63. hxg5 h4+ 64. Kh3 fxg5 65. Qf2+ Kg6 66. g3 hxg3 67. Kxg3 Qd1 68. Nf1 Qb3 69. Nd2 Qd3 70. Nf3 Bxf3 71. Qxf3 Qb1 72. Qf2 Ng7 73. Qd2 Ne6 74. Qf2 Qe4 75. Qd2 Kf6 76. Qf2+ Kg6 77. Qd2 Qh1 78. Qd3+ Qe4 79. Qd2 Qb1 80. Qf2 Qd3 81. Qf3 Nc7 82. Kf2 Qc2+ 83. Kg3 Qd3 84. Kf2 Nb5 85. Qf8 Qc2+ 86. Kg3 Qd3 87. Qg8+ Kf6 88. Qxg5+ Ke6 89. Qe5+ Kd7 90. Qf5+ Qxf5 91. gxf5 Ke7 92. Kg4 Nc3 93. Bg5+ Kf7 94. Bh4 Nb1 95. Kf4 Na3 96. Ke5 Nc2 97. Bf2 Nxb4 98. Kd6 Nd3 99. Bh4 Nc1 100. Kc7 Nb3 101. Kxb7 Nxa5+ 102. Kxa6 Nb3 103. Bf2 Kf6 104. Kb6 Kxf5 105. Kxc6 Ke6 106. Be3 Na5+ 107. Kb5 Nb7 108. Bf4 Nd8 109. c6 Nf7 110. Kb6 Kf5 111. c7 Kxf4 112. c8Q Ng5 113. Kc5 Ne4+ 114. Kxd5 Ke3 115. Qe8 1-0

[Event "Zhukovsky op"]
[Site "Zhukovsky"]
[Date "2012.04.??"]
[Round "1"]
[White "Guseynov, Vafadar"]
[Black "Listratov, Artem"]
[Result "0-1"]
[WhiteElo "1849"]
[BlackElo "2169"]
[PlyCount "130"]
[EventDate "2012.04.??"]
[EventType "swiss"]
[EventRounds "9"]
[EventCountry "RUS"]
[SourceTitle "EXT 2014"]
[Source "ChessBase"]
[SourceDate "2013.11.20"]
[SourceVersion "1"]
[SourceVersionDate "2013.11.20"]
[SourceQuality "1"]

1. e4 c6 2. d4 d5 3. Nd2 g6 4. Ngf3 Bg7 5. Be2 dxe4 6. Nxe4 Nf6 7. Ng3 b6 8. 0-0 Bb7 9. Be3 Nbd7 10. Qd2 h5 11. h4 Ng4 12. Ne4 0-0 13. Neg5 Ndf6 14. c4 Nxe3 15. fxe3 Ng4 16. Bd3 Bh6 17. Rae1 e5 18. Qc2 Qe8 19. Nxe5 Nxe5 20. dxe5 Bxg5 21. hxg5 Qxe5 22. Bxg6 fxg6 23. Qxg6+ Qg7 24. Qxh5 c5 25. e4 Rxf1+ 26. Rxf1 Bxe4 27. g6 Qxg6 28. Qe2 Bd3 29. Qf3 Rd8 30. Re1 Rf8 31. Qd5+ Rf7 32. Re3 Bf5 33. Re8+ Kg7 34. Qd8 Qf6 35. Rg8+ Kh7 36. Qb8 Qd4+ 37. Kh1 Qd1+ 38. Kh2 Qh5+ 39. Kg1 Qd1+ 40. Kh2 Qd4 41. Qg3 Rg7 42. Rxg7+ Qxg7 43. Qf2 Qh6+ 44. Kg1 Qc1+ 45. Kh2 Qg5 46. Qf3 Qh4+ 47. Kg1 Qe1+ 48. Kh2 Qe5+ 49. Kg1 Kg6 50. Qa3 Qd4+ 51. Kh2 a5 52. Qg3+ Kf6 53. Qg8 Qh4+ 54. Kg1 Qe1+ 55. Kh2 Qe6 56. Qh8+ Ke7 57. Qh4+ Qf6 58. Qe1+ Kd6 59. Qd2+ Kc7 60. Qe2 Qh4+ 61. Kg1 Qe4 62. Qh5 Bd7 63. Qh2+ Kb7 64. Qh6 Qd4+ 65. Kh2 Qxb2 0-1

[Event "Zhukovsky op"]
[Site "Zhukovsky"]
[Date "2012.04.??"]
[Round "2"]
[White "Listratov, Artem"]
[Black "Groisman, Anatoliy"]
[Result "1-0"]
[WhiteElo "2169"]
[BlackElo "2011"]
[PlyCount "59"]
[EventDate "2012.04.??"]
[EventType "swiss"]
[EventRounds "9"]
[EventCountry "RUS"]
[SourceTitle "EXT 2014"]
[Source "ChessBase"]
[SourceDate "2013.11.20"]
[SourceVersion "1"]
[SourceVersionDate "2013.11.20"]
[SourceQuality "1"]

1. d4 Nf6 2. c4 e6 3. Nc3 d5 4. cxd5 exd5 5. Bg5 Be7 6. e3 0-0 7. Bd3 Nbd7 8. Nge2 Re8 9. 0-0 Nf8 10. Qc2 c6 11. Rae1 Ne4 12. Bxe7 Qxe7 13. f3 Nf6 14. e4 Be6 15. e5 Nh5 16. f4 g6 17. f5 gxf5 18. Bxf5 Qg5 19. g4 Ng7 20. Ng3 Ng6 21. Qc1 Qh4 22. Nce2 h5 23. Nf4 Ne7 24. Ng2 Qh3 25. Qg5 hxg4 26. Nf4 Qxf1+ 27. Rxf1 Bxf5 28. Nfh5 Bg6 29. Nxg7 Kxg7 30. Nh5+ 1-0

[Event "Zhukovsky op"]
[Site "Zhukovsky"]
[Date "2012.04.??"]
[Round "4"]
[White "Listratov, Artem"]
[Black "Orekhovsky, Vasily"]
[Result "0-1"]
[WhiteElo "2169"]
[BlackElo "2119"]
[PlyCount "106"]
[EventDate "2012.04.??"]
[EventType "swiss"]
[EventRounds "9"]
[EventCountry "RUS"]
[SourceTitle "EXT 2014"]
[Source "ChessBase"]
[SourceDate "2013.11.20"]
[SourceVersion "1"]
[SourceVersionDate "2013.11.20"]
[SourceQuality "1"]

1. d4 d5 2. Bg5 h6 3. Bh4 c6 4. c3 Bf5 5. Nd2 Nf6 6. e3 Nbd7 7. Ngf3 e6 8. Be2 Bd6 9. 0-0 0-0 10. c4 Re8 11. Rc1 Qb8 12. Bg3 Bxg3 13. hxg3 Ne4 14. Nxe4 Bxe4 15. Nd2 Bh7 16. Qb3 Nf6 17. Nf3 dxc4 18. Bxc4 Be4 19. Ne5 Bd5 20. Rfd1 Qc7 21. Qc2 Bxc4 22. Qxc4 Qe7 23. b4 Ne4 24. Qc2 Nd6 25. Nc4 Red8 26. Na5 Rd7 27. Qb2 Rc8 28. Rd2 Qd8 29. Rdc2 Rdc7 30. a4 Qd7 31. Nb3 Qd8 32. Nc5 Qe7 33. e4 Qd8 34. Qb3 Qe8 35. Qb2 Qd8 36. g4 b6 37. Na6 Rd7 38. f3 Ne8 39. Rd2 Nc7 40. Nxc7 Rdxc7 41. Rcd1 Qe7 42. Qc3 c5 43. dxc5 bxc5 44. b5 c4 45. Rd6 Qg5 46. g3 h5 47. Kg2 hxg4 48. f4 Qc5 49. e5 Re7 50. Rh1 f5 51. exf6 Qxd6 52. fxe7 Qd5+ 53. Kf2 Qxh1 0-1

[Event "Zhukovsky op"]
[Site "Zhukovsky"]
[Date "2012.04.??"]
[Round "7"]
[White "Listratov, Artem"]
[Black "Slesarev, I."]
[Result "1-0"]
[WhiteElo "2169"]
[BlackElo "2004"]
[PlyCount "91"]
[EventDate "2012.04.??"]
[EventType "swiss"]
[EventRounds "9"]
[EventCountry "RUS"]
[SourceTitle "EXT 2014"]
[Source "ChessBase"]
[SourceDate "2013.11.20"]
[SourceVersion "1"]
[SourceVersionDate "2013.11.20"]
[SourceQuality "1"]

1. d4 Nf6 2. c4 e6 3. Nf3 d5 4. g3 dxc4 5. Bg2 Nc6 6. 0-0 Be7 7. Qa4 0-0 8. Rd1 a6 9. Qxc4 Qd5 10. Qc2 Qh5 11. a3 e5 12. d5 Bf5 13. Qa4 e4 14. dxc6 exf3 15. exf3 b5 16. Qf4 Bc2 17. Re1 Rae8 18. Nc3 Bd6 19. Qd2 Qg6 20. b4 Rd8 21. Qg5 Qd3 22. Bb2 h6 23. Qe3 Qg6 24. Ne4 Bxe4 25. fxe4 Ng4 26. Qe2 Ne5 27. Rad1 Nc4 28. e5 Nxb2 29. Qxb2 Be7 30. Qc3 Qe6 31. h4 Qg4 32. Bf3 Qh3 33. Qe3 Qe6 34. Kg2 Rxd1 35. Rxd1 Rd8 36. Rxd8+ Bxd8 37. Qa7 Qxe5 38. Qxa6 Be7 39. Qc8+ Kh7 40. Qe8 Kg6 41. Qd7 Kh7 42. Qd3+ Kg8 43. Bd5 g5 44. hxg5 hxg5 45. Qxb5 g4 46. Bxf7+ 1-0

[Event "Zhukovsky-A 02"]
[Site "Zhukovsky"]
[Date "2011.02.09"]
[Round "5"]
[White "Vasiliev, Aleksey V"]
[Black "Listratov, Artem"]
[Result "0-1"]
[WhiteElo "2009"]
[BlackElo "2103"]
[PlyCount "22"]
[EventDate "2011.02.09"]
[EventType "swiss"]
[EventRounds "9"]
[EventCountry "RUS"]
[SourceTitle "EXT 2022"]
[Source "ChessBase"]
[SourceDate "2021.10.06"]
[SourceVersion "1"]
[SourceVersionDate "2021.10.06"]
[SourceQuality "1"]

1. e4 d5 2. exd5 Qxd5 3. Nc3 Qd6 4. d4 Nf6 5. g3 Bg4 6. Qd3 Nc6 7. Bg2 Nxd4 8. Be3 0-0-0 9. Nce2 Qb4+ 10. c3 Qxb2 11. Nxd4 Qxa1+ 0-1

[Event "Zhukovsky op 05"]
[Site "Zhukovsky"]
[Date "2011.??.??"]
[Round "6"]
[White "Listratov, Artem"]
[Black "Fyodorova, Irina"]
[Result "1-0"]
[WhiteElo "2103"]
[BlackElo "1951"]
[PlyCount "83"]
[EventDate "2011.05.15"]
[EventType "swiss"]
[EventRounds "9"]
[EventCountry "RUS"]
[SourceTitle "EXT 2012"]
[Source "ChessBase"]
[SourceDate "2011.11.24"]
[SourceVersion "1"]
[SourceVersionDate "2011.11.24"]
[SourceQuality "1"]

1. Nf3 Nf6 2. d3 d6 3. g3 Bg4 4. Bg2 c6 5. 0-0 Nbd7 6. c4 g6 7. Nc3 Bg7 8. h3 Bxf3 9. Bxf3 0-0 10. Rb1 Ne8 11. Qc2 Qc7 12. b4 Rc8 13. Bb2 f5 14. b5 e5 15. Qa4 Nb6 16. Qb3 Kh8 17. a4 Nd7 18. Ba3 Nef6 19. bxc6 bxc6 20. Qb7 Ne8 21. Bg2 Rf7 22. Rb3 Ndf6 23. Rfb1 Bf8 24. Bxc6 Qxb7 25. Rxb7 Rxb7 26. Bxb7 Rb8 27. a5 Nc7 28. a6 Nd7 29. Nb5 Nxb5 30. cxb5 Nb6 31. Rc1 Na8 32. Rc6 d5 33. Bb2 d4 34. e3 Bg7 35. exd4 exd4 36. Rd6 Nc7 37. Bxd4 Bxd4 38. Rxd4 Nxb5 39. Rd7 h6 40. d4 Rg8 41. Bc6 Rb8 42. Rb7 1-0

[Event "Zhukovsky op 05"]
[Site "Zhukovsky"]
[Date "2011.??.??"]
[Round "1"]
[White "Listratov, Artem"]
[Black "Sidorov, Evgeniy"]
[Result "1-0"]
[WhiteElo "2103"]
[BlackElo "1930"]
[PlyCount "109"]
[EventDate "2011.05.15"]
[EventType "swiss"]
[EventRounds "9"]
[EventCountry "RUS"]
[SourceTitle "EXT 2012"]
[Source "ChessBase"]
[SourceDate "2011.11.24"]
[SourceVersion "1"]
[SourceVersionDate "2011.11.24"]
[SourceQuality "1"]

1. d4 d6 2. Nc3 c6 3. Bf4 Qb6 4. Rb1 g6 5. Nf3 Bg7 6. e4 Bg4 7. Be3 Qa5 8. Be2 Nd7 9. h3 Bxf3 10. Bxf3 e6 11. 0-0 Ne7 12. b4 Qc7 13. Qd2 e5 14. a4 0-0 15. d5 cxd5 16. Nxd5 Nxd5 17. Qxd5 Nf6 18. Qd3 Rfd8 19. c4 b6 20. Rfc1 Bf8 21. Qc2 Rac8 22. Bg5 Be7 23. Qa2 Ne8 24. Be3 Ng7 25. a5 Ra8 26. Qa4 Ne6 27. axb6 axb6 28. Qb5 Rdb8 29. Qd5 Qb7 30. Qd3 Qc7 31. g3 Ra2 32. Rd1 Rba8 33. Bg2 R2a3 34. Qd5 Kg7 35. h4 R8a7 36. Bh3 Nd8 37. h5 Qb7 38. Qb5 R3a6 39. Qe8 g5 40. Bf5 h6 41. b5 Ra3 42. Rd5 Ra1 43. Rdd1 Rxb1 44. Rxb1 Qc7 45. Kg2 Bf8 46. f4 Qe7 47. Qxe7 Bxe7 48. fxe5 Rb7 49. exd6 Bxd6 50. Rd1 Be7 51. Bd4+ Kf8 52. Ra1 Ne6 53. Ra8+ Bd8 54. Bxe6 fxe6 55. Rxd8+ 1-0

[Event "Zhukovsky op 05"]
[Site "Zhukovsky"]
[Date "2011.??.??"]
[Round "9"]
[White "Listratov, Artem"]
[Black "Tarabtsev, Ivan"]
[Result "1-0"]
[WhiteElo "2103"]
[BlackElo "2001"]
[PlyCount "68"]
[EventDate "2011.05.15"]
[EventType "swiss"]
[EventRounds "9"]
[EventCountry "RUS"]
[SourceTitle "EXT 2012"]
[Source "ChessBase"]
[SourceDate "2011.11.24"]
[SourceVersion "1"]
[SourceVersionDate "2011.11.24"]
[SourceQuality "1"]

1. d4 d5 2. c4 e6 3. cxd5 exd5 4. Nc3 Nf6 5. Bg5 Be7 6. e3 0-0 7. Bd3 c6 8. Qc2 Nbd7 9. Nge2 Re8 10. 0-0 h6 11. Bh4 Ne4 12. Bxe7 Qxe7 13. Rae1 Nf8 14. f3 Nd6 15. e4 dxe4 16. fxe4 a6 17. Rf2 Be6 18. Ref1 Rad8 19. e5 Nc8 20. Ne4 Nd7 21. Qc1 Nxe5 22. Nf6+ gxf6 23. dxe5 Rxd3 24. Nf4 Rd4 25. Nh5 fxe5 26. Qxh6 f5 27. Qg6+ Kh8 28. Nf6 Rh4 29. Nxe8 Nb6 30. g3 Rh3 31. Kg2 f4 32. gxf4 Rh7 33. fxe5 Bd5+ 34. Kg1 Qc5 1-0

[Event "Zhukovsky op 05"]
[Site "Zhukovsky"]
[Date "2011.??.??"]
[Round "4"]
[White "Shivokhin, Boris M"]
[Black "Listratov, Artem"]
[Result "0-1"]
[WhiteElo "2057"]
[BlackElo "2103"]
[PlyCount "96"]
[EventDate "2011.05.15"]
[EventType "swiss"]
[EventRounds "9"]
[EventCountry "RUS"]
[SourceTitle "EXT 2012"]
[Source "ChessBase"]
[SourceDate "2011.11.24"]
[SourceVersion "1"]
[SourceVersionDate "2011.11.24"]
[SourceQuality "1"]

1. e4 c6 2. d4 d6 3. Nf3 Bg4 4. Be2 Nf6 5. Nc3 Nbd7 6. a4 e6 7. 0-0 Be7 8. Be3 0-0 9. Nd2 Bxe2 10. Qxe2 d5 11. e5 Ne8 12. Nd1 c5 13. c3 Nc7 14. f4 a6 15. Nf2 b5 16. axb5 Nxb5 17. Nf3 Qb6 18. g4 Rfb8 19. f5 cxd4 20. cxd4 Nc7 21. Rac1 a5 22. Nh3 Ra7 23. Rf2 Qa6 24. Qxa6 Nxa6 25. fxe6 fxe6 26. Rc6 Nf8 27. Nfg5 Nb4 28. Rc3 h6 29. Nf3 Na2 30. Rcc2 Rb3 31. Bf4 Rab7 32. Bg3 Nb4 33. Rc8 Nd3 34. Rf1 Rxb2 35. Nh4 Rb1 36. Ra8 Rxf1+ 37. Kxf1 Rb1+ 38. Ke2 Nc1+ 39. Kf3 Rb3+ 40. Kg2 Rb2+ 41. Nf2 Bxh4 42. Bxh4 g5 43. Bg3 Nb3 44. h4 Ra2 45. hxg5 hxg5 46. Kh3 Nxd4 47. Nd3 Ne2 48. Nc5 Ng1# 0-1

[Event "Ramenskoe"]
[Site "Ramenskoe"]
[Date "2010.04.??"]
[Round "7"]
[White "Listratov, Artem"]
[Black "Dolgova, Tamara"]
[Result "1-0"]
[WhiteElo "2073"]
[BlackElo "1951"]
[PlyCount "67"]
[EventDate "2010.04.??"]
[EventType "swiss"]
[EventRounds "9"]
[EventCountry "RUS"]
[SourceTitle "EXT 2012"]
[Source "ChessBase"]
[SourceDate "2011.11.24"]
[SourceVersion "1"]
[SourceVersionDate "2011.11.24"]
[SourceQuality "1"]

1. d4 d5 2. c4 e6 3. cxd5 exd5 4. Nc3 c6 5. Qc2 Nf6 6. Bg5 h6 7. Bh4 Be7 8. e3 0-0 9. Bd3 a5 10. Nge2 Na6 11. a3 Bd7 12. 0-0 Nc7 13. Rad1 Ng4 14. Bg3 Ne8 15. Qd2 Bh4 16. f3 Bxg3 17. Nxg3 Ngf6 18. e4 dxe4 19. fxe4 Bg4 20. Nce2 Nh5 21. Nxh5 Bxh5 22. Bb1 Qg5 23. Qd3 Nc7 24. Rf5 Bxe2 25. Qxe2 Qe7 26. Qg4 Rad8 27. e5 Qe6 28. Qe4 Qd5 29. Qc2 Ne6 30. Rf6 Rfe8 31. Qh7+ Kf8 32. Bg6 Ng5 33. Qh8+ Ke7 34. Qxg7 1-0

[Event "Zhukovsky Rating-A 08"]
[Site "Zhukovsky"]
[Date "2009.08.14"]
[Round "2"]
[White "Listratov, Artem"]
[Black "Andreev, Gennadiy"]
[Result "1-0"]
[WhiteElo "2051"]
[BlackElo "2090"]
[PlyCount "105"]
[EventDate "2009.08.14"]
[EventType "swiss"]
[EventRounds "7"]
[EventCountry "RUS"]
[SourceTitle "EXT 2022"]
[Source "ChessBase"]
[SourceDate "2021.10.06"]
[SourceVersion "1"]
[SourceVersionDate "2021.10.06"]
[SourceQuality "1"]

1. d4 d5 2. c4 c6 3. Nc3 Nf6 4. Nf3 e6 5. cxd5 exd5 6. Bg5 Be7 7. e3 Ne4 8. Bxe7 Qxe7 9. Nd2 Nd6 10. Bd3 Nd7 11. Qc2 Nf6 12. 0-0 Be6 13. Rae1 Nc4 14. f3 Nxd2 15. Qxd2 Rd8 16. Qf2 0-0 17. Qh4 Qb4 18. Qf2 c5 19. a3 Qa5 20. dxc5 Qxc5 21. Ne2 Qb6 22. Nd4 Nd7 23. Rd1 Ne5 24. b3 Nc6 25. Bc2 Nxd4 26. Rxd4 f5 27. Rfd1 g6 28. Qd2 Rde8 29. b4 Bf7 30. Bb3 Re5 31. Qc3 Rfe8 32. Kf2 f4 33. exf4 Re2+ 34. Kg3 h5 35. h3 g5 36. Kh2 Qf6 37. Qc7 R2e7 38. fxg5 Qxd4 39. Qxe7 Qf4+ 40. g3 Rxe7 41. gxf4 Rd7 42. f5 Kg7 43. Kg3 b5 44. Kf4 a6 45. h4 Rd8 46. g6 Bg8 47. Kg5 Rd6 48. Kxh5 Kf6 49. Kg4 Rc6 50. Bxd5 Bxd5 51. Rxd5 Ke7 52. Re5+ Kf8 53. Re6 1-0

[Event "Zhukovsky op-A"]
[Site "Zhukovsky"]
[Date "2008.11.28"]
[Round "9"]
[White "Listratov, Artem"]
[Black "Lylov, Igor"]
[Result "1-0"]
[WhiteElo "1998"]
[BlackElo "2293"]
[PlyCount "79"]
[EventDate "2008.11.28"]
[EventType "swiss"]
[EventRounds "9"]
[EventCountry "RUS"]
[SourceTitle "EXT 2022"]
[Source "ChessBase"]
[SourceDate "2021.10.06"]
[SourceVersion "1"]
[SourceVersionDate "2021.10.06"]
[SourceQuality "1"]

1. d4 Nf6 2. Bf4 g6 3. Nc3 Bg7 4. Qd2 h6 5. e4 d6 6. Bc4 c6 7. Bb3 b5 8. a3 g5 9. Bg3 Nh5 10. Nge2 Qb6 11. Rd1 f5 12. e5 d5 13. f4 Be6 14. fxg5 hxg5 15. Qxg5 Nxg3 16. Nxg3 Bh6 17. Qg6+ Bf7 18. Qxf5 e6 19. Qf6 Rh7 20. Nf5 exf5 21. e6 Bg8 22. Qg6+ Kf8 23. Qxf5+ Ke7 24. 0-0 Na6 25. Qf6+ Ke8 26. Qg6+ Ke7 27. Bxd5 Nc7 28. Rf7+ Bxf7 29. Qxh7 Be3+ 30. Kh1 Rf8 31. Qh4+ Kd6 32. e7 Re8 33. Bxf7 Rxe7 34. Ne4+ Kd7 35. Nc5+ Kd8 36. Qh8+ Ne8 37. Bxe8 Rxe8 38. Qf6+ Re7 39. Qf8+ Re8 40. Qd6+ 1-0

[Event "Zhukovsky Elo-D"]
[Site "Zhukovsky"]
[Date "2008.01.12"]
[Round "6"]
[White "Listratov, Artem"]
[Black "Tamarovskiy, Andrey"]
[Result "1-0"]
[WhiteElo "1968"]
[BlackElo "1939"]
[PlyCount "63"]
[EventDate "2008.01.02"]
[EventType "tourn"]
[EventRounds "9"]
[EventCountry "RUS"]
[SourceTitle "EXT 2010"]
[Source "ChessBase"]
[SourceDate "2010.11.25"]
[SourceVersion "1"]
[SourceVersionDate "2010.11.25"]
[SourceQuality "1"]

1. d4 d5 2. e3 e6 3. Bd3 c5 4. c3 c4 5. Bc2 b5 6. Nd2 Bd7 7. e4 g6 8. h4 Bg7 9. h5 dxe4 10. Nxe4 Bc6 11. h6 Bf6 12. Nf3 Nd7 13. Nd6+ Ke7 14. Bf4 Bxf3 15. Qxf3 Nb6 16. Be4 Rc8 17. Nxc8+ Nxc8 18. Be5 Nd6 19. Bxd6+ Kxd6 20. a4 b4 21. cxb4 Bxd4 22. 0-0-0 Ke7 23. b5 Nf6 24. Qa3+ Qd6 25. Rxd4 Qxa3 26. bxa3 Rc8 27. Bc6 c3 28. Rhd1 Nh5 29. g4 Nf6 30. g5 Ne8 31. Rd7+ Kf8 32. Rxa7 1-0

[Event "Zhukovsky Elo-D"]
[Site "Zhukovsky"]
[Date "2008.01.02"]
[Round "1"]
[White "Listratov, Artem"]
[Black "Beliy, Gennady"]
[Result "1-0"]
[WhiteElo "1968"]
[BlackElo "1910"]
[PlyCount "103"]
[EventDate "2008.01.02"]
[EventType "tourn"]
[EventRounds "9"]
[EventCountry "RUS"]
[SourceTitle "EXT 2010"]
[Source "ChessBase"]
[SourceDate "2010.11.25"]
[SourceVersion "1"]
[SourceVersionDate "2010.11.25"]
[SourceQuality "1"]

1. d4 Nf6 2. c4 e6 3. a3 b6 4. Nc3 Bb7 5. f3 d5 6. e3 Nh5 7. Qc2 Bd6 8. cxd5 Qh4+ 9. Qf2 Bg3 10. hxg3 Qxh1 11. dxe6 fxe6 12. Bd2 0-0 13. 0-0-0 Qh2 14. g4 Nf6 15. Bc4 Qd6 16. g5 Ne4 17. Nxe4 Bxe4 18. Bc3 Qc6 19. Bb3 a5 20. Qh4 Bg6 21. d5 Qc5 22. e4 Na6 23. dxe6 Kh8 24. Nh3 Rad8 25. Rh1 Nb4 26. Kb1 Nd3 27. Bc2 Qe7 28. Bxd3 Rxd3 29. Nf4 Rxf4 30. Qxf4 Kg8 31. Qe5 c6 32. f4 Rd5 33. Qb8+ Rd8 34. Qxb6 Bxe4+ 35. Ka1 Rd6 36. Qxa5 Qxe6 37. Re1 Qf5 38. Qa8+ Kf7 39. Qh8 Rg6 40. g3 c5 41. Qxh7 Qg4 42. Qh8 Qf5 43. Qd8 Re6 44. Qh8 Rg6 45. Rd1 Bd3 46. Qd8 c4 47. Re1 Be4 48. Qd4 Bd5 49. Re5 Qg4 50. Qxd5+ Re6 51. Qd7+ Kg8 52. Qxe6+ 1-0